L'esclavage dans l'Inde ancienne d'après les textes palis et sanskrits /

محفوظ في:

المؤلف الرئيسي: Raj, Dev (مؤلف)

مؤلفون آخرون: Filliozat, Jean.

التنسيق: كتاب

اللغة: French

سلاسل: Publications de l'Institut français d'indologie ; 7.

الموضوعات:

الوسوم: إضافة وسم

لا توجد وسوم, كن أول من يضع وسما على هذه التسجيلة!

رقم الطلب: HT1246 .R34 1957

LEADER 00937namaa2200253 4500
001 21432
003 OSt
005 20210911100025.0
008 130303s1957 ii g 000 0 fre d
952 |0 0  |1 0  |2 lcc  |4 0  |6 HT1246 R34 01957  |7 1  |9 18578  |a ARCE  |b ARCE  |d 2021-09-11  |l 0  |o HT1246 .R34 1957  |p 1004930  |r 2021-09-11 00:00:00  |w 2021-09-11  |y BK 
999 |c 21695  |d 21695 
040 |c ARCE Library 
043 |a a-ii--- 
050 0 4 |a HT1246 .R34 1957 
100 1 |a Raj, Dev,  |e author 
245 1 2 |a L'esclavage dans l'Inde ancienne d'après les textes palis et sanskrits /  |c Avec une préf. du Jean Filliozat. 
264 1 |a Pondichéry :  |b Institut français d'indologie,  |c 1957. 
300 |a 144 pages ;  |c 25 cm. 
490 1 |a Publications de l'Institut français d'indologie ;   |v 7. 
650 0 |a Slavery  |z India. 
700 1 |a Filliozat, Jean.  |9 30008 
830 0 |a Publications de l'Institut français d'indologie ;   |v 7. 
901 |a reviewed 
942 |c BK  |2 lcc